000 00779am a2200289a 44500
003 AR-BaBNM
005 20251128205910.0
008 058019s1995 #AR|||||||||||000 | esp||
020 _a950-534-322-1
040 _cAR-BaBNM
100 1 _aDuarte, Carles
245 1 0 _aEl lenguaje jurídico
260 _aBuenos Aires
_bA-Z editora
_c1995
300 _avi, 145 p.
490 0 _aCiencias del lenguaje
500 _aContiene referencias bibliográficas en p. 141
650 4 _aDERECHO
650 4 _aCIENCIAS JURIDICAS
650 4 _aLEXICOGRAFIA
650 4 _aENSEÑANZA DEL DERECHO
650 4 _aCIENCIAS SOCIALES
650 4 _aLINGÜISTICA
700 1 _aMartínez, Anna
800 1 _aManacorda de Rosetti, Mabel V.
_edirector
942 _cBK
998 _cMARTIN
999 _c13203
_d13203